zpět

Detail výsledku týmu

Mama Shelter - Holešovice, Praha

Datum a čas kvízu

27 Celkem bodů Celkový počet nahraných bodů na tomto kvízu bez doplňovacích otázek.
9. Pořadí na kvízu Konečné umístění týmu na tomto kvízu.

Zaznamenané odpovědi

# Otázka Odpověď Body Výsledky
1. Ke kácení stromů ve většině př... trhavinu 0
2. V pondělí večer došlo k úplném... přes Severní Ameriku 1
3. Pořadatelé filmového festivalu... George Lucas 0
4. Minulý týden oznámila italská... Silvio Berlusconi 1
5. Francouzská parkouristka Anouk... šplh na laně 1
6. V pěti otázkách tohoto tématu... kámen 1
7. Jaká je denní dávka kuchyňské... B 1
8. Po kterém vzácném minerálu se... po diamantu 0
9. Jak zní obchodní název takzvan... Praganda 1
10. Jeden z nejznámějších a nejsta... D) Wieliczka 1